[Event "39. Offene Stadtmeisterschaft"]
[Site "Bergisch Gladbach"]
[Date "2017.09.29"]
[Round "5.8"]
[White "Henseler, Klaus"]
[Black "Graß, Jonathan"]
[Result "1-0"]
[WhiteElo "1801"]
[BlackElo "1516"]
[PlyCount "99"]
[EventDate "2017.??.??"]
[EventType "swiss"]
[EventRounds "7"]

1. c4 e6 2. d4 c5 3. Nf3 cxd4 4. Nxd4 Nf6 5. e3 Be7 6. Be2 O-O 7. O-O Nc6 8.
Nc3 d5 9. cxd5 Nxd5 10. Nxd5 Qxd5 11. Bf3 Qc4 12. b3 Qc5 13. Nxc6 bxc6 14. Bb2
Ba6 15. Re1 Rad8 16. Qc1 Qxc1 17. Rexc1 c5 18. Ba3 Bf6 19. Bxc5 Rfe8 20. Bxa7
Bxa1 21. Rxa1 Rd2 22. b4 Rb2 23. Bc5 Rd8 24. a4 Rc8 25. g3 f5 26. Rd1 h6 27. h4
Be2 28. Bxe2 Rxe2 29. a5 Ra2 30. Rd6 Rxa5 31. bxa5 Rxc5 32. a6 Kf7 33. a7 Ra5
34. Rd7+ Kf6 35. Kf1 g5 36. hxg5+ Kxg5 37. Kg2 Ra2 38. Kh3 Ra1 39. f4+ Kh5 40.
Kg2 Kg6 41. Kf3 Rf1+ 42. Ke2 Ra1 43. Kd2 Kf6 44. Kc3 e5 45. Kc4 e4 46. Kc5 Ke6
47. Rd6+ Ke7 48. Rxh6 Ra5+ 49. Kb6 Ra1 50. Kb7 1-0

[Event "39. Offene Stadtmeisterschaft"]
[Site "Bergisch Gladbach"]
[Date "2017.09.29"]
[Round "5.9"]
[White "Gnass, Arno"]
[Black "Roder, Stephan"]
[Result "1-0"]
[WhiteElo "1632"]
[BlackElo "1421"]
[PlyCount "103"]
[EventDate "2017.??.??"]
[EventType "swiss"]
[EventRounds "7"]

1. d4 d5 2. Nf3 g6 3. e3 Bg4 4. Nbd2 Bg7 5. Be2 Nf6 6. O-O O-O 7. c4 c6 8. Qb3
b6 9. Re1 Nbd7 10. Ne5 Nxe5 11. dxe5 Bxe2 12. exf6 Bxc4 13. fxe7 Qxe7 14. Nxc4
dxc4 15. Qxc4 Qd7 16. Rb1 b5 17. Qc2 Rad8 18. b3 Qc7 19. Ba3 Rfe8 20. Rbc1 Re6
21. Qe2 Qa5 22. Bc5 Rd5 23. b4 Qc7 24. Red1 Rh5 25. g3 Bf8 26. Qf3 Rf5 27. Qg2
Bxc5 28. Rxc5 Rxc5 29. bxc5 Qe5 30. Rc1 a5 31. Qf1 a4 32. Qd3 Qb2 33. Rc2 Qf6
34. Rd2 Re5 35. Qd6 Qxd6 36. cxd6 Re8 37. Rc2 f5 38. Rxc6 Rd8 39. Rb6 Rd7 40.
Kg2 Kf7 41. Rxb5 Rxd6 42. Ra5 Kf6 43. Rxa4 Kg5 44. h4+ Kh6 45. Ra7 Rc6 46. a4
Rc8 47. a5 Rf8 48. a6 g5 49. hxg5+ Kg6 50. f4 Rc8 51. Rb7 Ra8 52. a7 1-0

[Event "39. Offene Stadtmeisterschaft"]
[Site "Bergisch Gladbach"]
[Date "2017.09.29"]
[Round "5.10"]
[White "Plitzner, Hans Joachim"]
[Black "Hoferichter, Michael"]
[Result "1-0"]
[WhiteElo "1630"]
[BlackElo "1307"]
[PlyCount "39"]
[EventDate "2017.??.??"]
[EventType "swiss"]
[EventRounds "7"]

1. d4 Nf6 2. Nf3 d5 3. e3 Bf5 4. Bd3 Bxd3 5. Qxd3 e6 6. Nbd2 c5 7. c3 Nc6 8.
O-O Bd6 9. e4 c4 10. Qc2 dxe4 11. Nxe4 Nxe4 12. Qxe4 O-O 13. Ng5 g6 14. Qh4 h5
15. g4 Kg7 16. gxh5 Rh8 17. h6+ Kf8 18. Re1 e5 19. d5 Nb8 20. Ne6+ 1-0

[Event "39. Offene Stadtmeisterschaft"]
[Site "Bergisch Gladbach"]
[Date "2017.09.29"]
[Round "5.11"]
[White "Stuch, Hans-Ferdinand"]
[Black "Shelukie, Magd"]
[Result "1/2-1/2"]
[WhiteElo "1599"]
[BlackElo "1371"]
[PlyCount "52"]
[EventDate "2017.??.??"]
[EventType "swiss"]
[EventRounds "7"]

1. e4 c5 2. Nc3 Nc6 3. f4 e6 4. Nf3 d5 5. Bb5 a6 6. Bxc6+ bxc6 7. d3 d4 8. Nb1
Be7 9. O-O Nf6 10. Na3 O-O 11. Qe1 a5 12. Nc4 Ne8 13. a4 Nd6 14. Nxd6 Bxd6 15.
b3 Qc7 16. e5 Be7 17. Nd2 f6 18. exf6 Bxf6 19. Ne4 Be7 20. Qg3 Rf5 21. Bd2 Ba6
22. Qe1 Bb7 23. Ng3 Rf6 24. Ne4 Rf5 25. Ng3 Rf6 26. Ne4 Rf5 1/2-1/2

[Event "39. Offene Stadtmeisterschaft"]
[Site "Bergisch Gladbach"]
[Date "2017.09.29"]
[Round "5.13"]
[White "Felsmann, Helmut"]
[Black "Wilde, Christian"]
[Result "1-0"]
[WhiteElo "1402"]
[BlackElo "1273"]
[PlyCount "149"]
[EventDate "2017.??.??"]
[EventType "swiss"]
[EventRounds "7"]

1. e4 e5 2. Nf3 Nc6 3. Bc4 Nf6 4. O-O d5 5. exd5 Nxd5 6. d3 Be7 7. Qe1 f6 8. a3
a5 9. Qe4 Be6 10. Bb5 O-O 11. c4 f5 12. Qe1 Nf6 13. Bxc6 bxc6 14. Nxe5 c5 15.
Nc6 Qd7 16. Nxe7+ Qxe7 17. Bd2 a4 18. Nc3 c6 19. Bf4 Qf7 20. Bd6 Rfd8 21. Qe5
Nd7 22. Qe3 Ra6 23. Rae1 Re8 24. f4 Qf6 25. Re2 Qd4 26. Be5 Qxe3+ 27. Rxe3 g6
28. Rfe1 Kf7 29. Bd6 Ra5 30. Ne2 Nf6 31. Nc3 Nd7 32. R1e2 Ra6 33. Rh3 h5 34.
Kf2 Rh8 35. Rhe3 Re8 36. Kg3 Ra5 37. Kh4 Ra6 38. Nd1 Ra5 39. Nf2 Nf6 40. Nh3
Nh7 41. Re5 Kf6 42. Bxc5 Kf7 43. Bb4 Rxe5 44. Rxe5 Rd8 45. Re3 Rb8 46. Bc3 Rg8
47. Ng5+ Nxg5 48. Kxg5 c5 49. Re5 Rd8 50. Re3 Bc8 51. Bf6 Rd7 52. g3 Bb7 53.
Bc3 Bc6 54. Re5 Rxd3 55. Rxc5 Be8 56. Rc7+ Rd7 57. Rc6 Kg8 58. Re6 Bf7 59. Rc6
Rd8 60. Kf6 Be8 61. Rc7 Rd6+ 62. Ke7 Rc6 63. Kd8 Rxc7 64. Kxc7 Kf7 65. c5 Ke7
66. Be5 Bb5 67. Kb6 Be8 68. c6 Ke6 69. Kc7 Kd5 70. Kd8 Bxc6 71. Ke7 Ke4 72. Kf7
Be8+ 73. Kxe8 Kf3 74. Kf7 Kg2 75. Kxg6 1-0

[Event "39. Offene Stadtmeisterschaft"]
[Site "Bergisch Gladbach"]
[Date "2017.09.29"]
[Round "5.14"]
[White "Schüers, Christian"]
[Black "Johann, Hans Werner"]
[Result "1-0"]
[WhiteElo "1548"]
[BlackElo "1279"]
[PlyCount "67"]
[EventDate "2017.??.??"]
[EventType "swiss"]
[EventRounds "7"]

1. d4 d5 2. Nf3 g6 3. Bf4 Bg7 4. e3 a6 5. Be2 Nf6 6. h3 O-O 7. O-O c6 8. Nbd2
Ne4 9. Nxe4 dxe4 10. Nd2 f5 11. c4 b6 12. Nb3 Bb7 13. Qd2 Nd7 14. Rfd1 e5 15.
dxe5 Nxe5 16. Qc2 Qe7 17. c5 b5 18. a4 Rad8 19. Nd4 Rd5 20. axb5 Rxc5 21. Qb3+
Rf7 22. bxa6 Ba8 23. Bxe5 Bxe5 24. Bc4 Rxc4 25. Qxc4 c5 26. Ne6 Bd6 27. b4 h5
28. bxc5 Bc7 29. Nxc7 Qxc7 30. Rd6 Kh7 31. Rad1 Bc6 32. Qe6 Ba4 33. Qxg6+ Kh8
34. Rd8+ 1-0

[Event "39. Offene Stadtmeisterschaft"]
[Site "Bergisch Gladbach"]
[Date "2017.10.06"]
[Round "6.1"]
[White "Themm, Rainer"]
[Black "Arlt, Klaus"]
[Result "1-0"]
[WhiteElo "1833"]
[BlackElo "1964"]
[PlyCount "41"]
[EventDate "2017.??.??"]
[EventType "swiss"]
[EventRounds "7"]

1. c4 c6 2. Nf3 d5 3. d4 Nf6 4. e3 e6 5. Nc3 Nbd7 6. Bd3 Bd6 7. e4 dxe4 8. Nxe4
Nxe4 9. Bxe4 h6 10. O-O O-O 11. b3 Qf6 12. Bb2 e5 13. Qc2 Re8 14. Rae1 Kh8 15.
Bf5 e4 16. Bxe4 Nf8 17. d5 Qf4 18. dxc6 Bg4 19. g3 Qxf3 20. Bxf3 Bxf3 21. Qc3
1-0

[Event "39. Offene Stadtmeisterschaft"]
[Site "Bergisch Gladbach"]
[Date "2017.10.06"]
[Round "6.2"]
[White "Rosenauer, Horst"]
[Black "Eilers, Jochen"]
[Result "0-1"]
[WhiteElo "1817"]
[BlackElo "1999"]
[PlyCount "58"]
[EventDate "2017.??.??"]
[EventType "swiss"]
[EventRounds "7"]

1. e4 c5 2. Nf3 d6 3. d4 cxd4 4. Nxd4 Nf6 5. Nc3 a6 6. Nb3 e5 7. Be2 Be7 8. Be3
Be6 9. f3 Nbd7 10. a4 O-O 11. g4 Qc7 12. Qd2 Nb6 13. a5 Nc4 14. Bxc4 Bxc4 15.
Bb6 Qc6 16. O-O-O Rac8 17. Kb1 Nd7 18. Nd5 Bxd5 19. exd5 Qa4 20. Be3 Rc4 21.
Na1 Qb5 22. h4 Rfc8 23. Rh2 Nc5 24. Bg5 f6 25. Be3 Bd8 26. Bxc5 R8xc5 27. b3
Bxa5 28. Qe2 Bc3 29. Rd3 Bxa1 0-1

[Event "39. Offene Stadtmeisterschaft"]
[Site "Bergisch Gladbach"]
[Date "2017.10.06"]
[Round "6.3"]
[White "Lawrenz, Sebastian"]
[Black "Heckötter, Christian"]
[Result "1/2-1/2"]
[WhiteElo "1868"]
[BlackElo "1972"]
[PlyCount "100"]
[EventDate "2017.??.??"]
[EventType "swiss"]
[EventRounds "7"]

1. e4 e6 2. d4 d5 3. Nd2 Be7 4. Bd3 c5 5. c3 cxd4 6. cxd4 dxe4 7. Nxe4 Nf6 8.
Ne2 Nbd7 9. O-O O-O 10. a3 Nb6 11. Ng5 Nbd5 12. Ng3 g6 13. Nf3 b6 14. Bh6 Re8
15. Rc1 Ng4 16. Bd2 a6 17. h3 Ngf6 18. Ne5 Bb7 19. Qe2 b5 20. Bh6 Qb6 21. Rfd1
Rac8 22. Rxc8 Rxc8 23. h4 Bf8 24. Bg5 Bg7 25. h5 Rc7 26. hxg6 hxg6 27. Bb1 Qd6
28. Bd3 Qf8 29. Ng4 Nh7 30. Bc1 Nhf6 31. Bg5 Nxg4 32. Qxg4 Nf6 33. Qh4 Nh7 34.
Be3 Qe7 35. Qxe7 Rxe7 36. Rc1 Rd7 37. Be4 Nf8 38. Bxb7 Rxb7 39. Rc8 a5 40. Ra8
a4 41. Ne2 f5 42. Nc3 Kf7 43. Ra5 b4 44. Nxa4 bxa3 45. bxa3 Rb1+ 46. Kh2 g5 47.
g3 f4 48. gxf4 gxf4 49. Bxf4 Bxd4 50. Kg2 Ra1 1/2-1/2

[Event "39. Offene Stadtmeisterschaft"]
[Site "Bergisch Gladbach"]
[Date "2017.10.06"]
[Round "6.4"]
[White "Harringer, Manfred"]
[Black "Gutt, Oswald"]
[Result "1/2-1/2"]
[WhiteElo "1943"]
[BlackElo "1846"]
[PlyCount "84"]
[EventDate "2017.??.??"]
[EventType "swiss"]
[EventRounds "7"]

1. c4 Nf6 2. Nc3 d6 3. g3 g6 4. Bg2 Bg7 5. Nf3 e5 6. d3 Nc6 7. Rb1 a5 8. a3 O-O
9. O-O Bd7 10. b4 axb4 11. axb4 Qc8 12. Bg5 Re8 13. Qd2 e4 14. Ne1 exd3 15.
Nxd3 Ng4 16. Nd5 f6 17. f3 fxg5 18. fxg4 Bxg4 19. Qxg5 Rxe2 20. Nf6+ Bxf6 21.
Qxf6 Rxg2+ 22. Kxg2 Bh3+ 23. Kg1 Bxf1 24. Rxf1 Qe8 25. b5 Qe3+ 26. Kh1 Qe4+ 27.
Kg1 Qd4+ 28. Qf2 Qxf2+ 29. Rxf2 Ne5 30. Nxe5 dxe5 31. Rd2 Rf8 32. Rd5 Rf5 33.
Rd7 Rf7 34. Rd5 Re7 35. Kf2 Kf7 36. Ke3 Kf6 37. Ke4 c6 38. bxc6 bxc6 39. Rc5
Re6 40. h3 h5 41. h4 Rd6 42. Rxe5 Re6 1/2-1/2

[Event "39. Offene Stadtmeisterschaft"]
[Site "Bergisch Gladbach"]
[Date "2017.10.06"]
[Round "6.5"]
[White "Thelen, Harm-Wulf"]
[Black "Gnass, Arno"]
[Result "1-0"]
[WhiteElo "1894"]
[BlackElo "1632"]
[PlyCount "59"]
[EventDate "2017.??.??"]
[EventType "swiss"]
[EventRounds "7"]

1. c4 Nf6 2. g3 g6 3. Bg2 Bg7 4. Nc3 c6 5. e4 d6 6. d4 O-O 7. f4 e5 8. fxe5
dxe5 9. d5 Qb6 10. Qe2 Bg4 11. Nf3 Re8 12. Be3 Qa5 13. O-O cxd5 14. cxd5 Qb4
15. h3 Bxf3 16. Bxf3 Na6 17. Qf2 Bf8 18. a3 Qd6 19. Be2 Bg7 20. Bg5 Nd7 21.
Qxf7+ Kh8 22. Bb5 Nac5 23. b4 Nxe4 24. Nxe4 Qb6+ 25. Qf2 Qxb5 26. Nd6 Qxd5 27.
Nxe8 Rxe8 28. Rad1 Qe6 29. Qf7 Qxh3 30. Qxe8+ 1-0

[Event "39. Offene Stadtmeisterschaft"]
[Site "Bergisch Gladbach"]
[Date "2017.10.06"]
[Round "6.6"]
[White "Plitzner, Hans Joachim"]
[Black "Henseler, Klaus"]
[Result "1-0"]
[WhiteElo "1630"]
[BlackElo "1801"]
[PlyCount "129"]
[EventDate "2017.??.??"]
[EventType "swiss"]
[EventRounds "7"]

1. d4 Nf6 2. Nf3 d6 3. e3 Nbd7 4. Bd3 c6 5. Nbd2 g6 6. O-O Bg7 7. c3 O-O 8. e4
Qc7 9. Re1 e5 10. Nf1 Re8 11. Ng3 a5 12. a4 Nf8 13. h3 Ne6 14. dxe5 dxe5 15.
Be3 Bd7 16. Qb3 Nf4 17. Bc4 Be6 18. Bxe6 Rxe6 19. Bb6 Qd7 20. Rad1 Qe8 21. Bc7
b5 22. Ng5 Re7 23. Bd6 Rb7 24. axb5 cxb5 25. Ne2 Nxe2+ 26. Rxe2 h6 27. Nf3 Nd7
28. Red2 Nb6 29. Bc5 Nc4 30. Rd5 Rbb8 31. Qc2 Nb6 32. Rd6 Na4 33. Be3 Rc8 34.
Qd2 Rab8 35. Bxh6 Nxb2 36. Bxg7 Kxg7 37. Qxb2 b4 38. cxb4 Rxb4 39. Qxe5+ Qxe5
40. Nxe5 Rxe4 41. Nd7 Rc2 42. R6d2 Re1+ 43. Rxe1 Rxd2 44. Nc5 Rc2 45. Na4 Rc4
46. Ra1 Kf8 47. Kf1 Ke7 48. Nb6 Rc5 49. Ke2 Kd8 50. Kd3 Rb5 51. Nc4 Rg5 52. g4
Rb5 53. Rxa5 Rb3+ 54. Kd4 Rxh3 55. Ke4 Rh4 56. Kf4 f5 57. f3 fxg4 58. fxg4 Rh1
59. Ra7 Rb1 60. Ne5 Rb4+ 61. Kg5 Rb5 62. Kf6 Rb6+ 63. Kf7 g5 64. Ra8+ Kc7 65.
Rg8 1-0

[Event "39. Offene Stadtmeisterschaft"]
[Site "Bergisch Gladbach"]
[Date "2017.10.06"]
[Round "6.7"]
[White "Behle, Burkhard"]
[Black "Radovinski, Jewgeni"]
[Result "1-0"]
[WhiteElo "1797"]
[BlackElo "1519"]
[PlyCount "71"]
[EventDate "2017.??.??"]
[EventType "swiss"]
[EventRounds "7"]

1. d4 Nf6 2. c4 g6 3. Nc3 d5 4. Bf4 Bg7 5. Nf3 c6 6. e3 dxc4 7. Bxc4 Nd5 8. Be5
O-O 9. Bxg7 Kxg7 10. h3 Nxc3 11. bxc3 Bf5 12. Nd2 b5 13. Be2 Nd7 14. a4 a6 15.
c4 Rb8 16. e4 Be6 17. d5 cxd5 18. cxd5 Bxd5 19. exd5 Nc5 20. axb5 axb5 21. Nb3
Ne4 22. O-O f6 23. Qd4 Nd6 24. Nc5 Nf5 25. Ne6+ Kg8 26. Qe4 Qb6 27. Nxf8 Ng3
28. Nd7 Nxe4 29. Nxb6 Rxb6 30. Rfc1 b4 31. Bc4 b3 32. d6+ Kg7 33. dxe7 Nd6 34.
Rab1 b2 35. Rc2 Rc6 36. Bd3 1-0

[Event "39. Offene Stadtmeisterschaft"]
[Site "Bergisch Gladbach"]
[Date "2017.10.06"]
[Round "6.8"]
[White "Schnellbacher, Jan Eric"]
[Black "Lobbes, Frank"]
[Result "1/2-1/2"]
[WhiteElo "1757"]
[BlackElo "1718"]
[PlyCount "45"]
[EventDate "2017.??.??"]
[EventType "swiss"]
[EventRounds "7"]

1. e4 e5 2. d4 exd4 3. Qxd4 Nc6 4. Qe3 d6 5. Bd2 Nf6 6. Nc3 Be7 7. f3 Nb4 8.
Bd3 Nxd3+ 9. Qxd3 c6 10. Nge2 Be6 11. Nf4 O-O 12. Nxe6 fxe6 13. Ne2 Qd7 14. O-O
Bd8 15. Kh1 Bb6 16. a4 a6 17. Rad1 Rad8 18. Bg5 Qf7 19. Bxf6 gxf6 20. Qb3 Ba7
21. f4 d5 22. exd5 cxd5 23. Rd3 1/2-1/2

[Event "39. Offene Stadtmeisterschaft"]
[Site "Bergisch Gladbach"]
[Date "2017.10.06"]
[Round "6.9"]
[White "Shelukie, Magd"]
[Black "Felsmann, Helmut"]
[Result "1-0"]
[WhiteElo "1371"]
[BlackElo "1402"]
[PlyCount "75"]
[EventDate "2017.??.??"]
[EventType "swiss"]
[EventRounds "7"]

1. e4 e6 2. d4 Be7 3. Nf3 d6 4. Nc3 Bd7 5. Be3 Nf6 6. Bd3 Nc6 7. h3 Nb4 8. Be2
a5 9. a3 Na6 10. Qd2 c5 11. O-O Nc7 12. e5 Nfd5 13. exd6 Bxd6 14. dxc5 Be7 15.
Bd4 Bf6 16. a4 O-O 17. Ne5 Bg5 18. f4 Bf6 19. Ne4 Be7 20. Rf3 Nf6 21. Qd3 Ncd5
22. b3 Nb4 23. Nxf6+ Bxf6 24. Qd2 Bc6 25. Rc3 Qc7 26. Nxc6 Qd7 27. Ne5 Bxe5 28.
fxe5 Rad8 29. Rc4 Qe7 30. c3 Nd5 31. c6 Rfe8 32. Bc5 Qc7 33. Bd6 Qb6+ 34. Qd4
Qxb3 35. cxb7 Qxb7 36. Bd3 Qb2 37. Rb1 Qd2 38. Bxh7+ 1-0

[Event "39. Offene Stadtmeisterschaft"]
[Site "Bergisch Gladbach"]
[Date "2017.10.06"]
[Round "6.12"]
[White "Roder, Stephan"]
[Black "Stuch, Hans-Ferdinand"]
[Result "1/2-1/2"]
[WhiteElo "1421"]
[BlackElo "1599"]
[PlyCount "66"]
[EventDate "2017.??.??"]
[EventType "swiss"]
[EventRounds "7"]

1. d4 d5 2. Nf3 e6 3. Bf4 f5 4. e3 Nf6 5. Bb5+ Bd7 6. Qe2 a6 7. Bxd7+ Qxd7 8.
Ne5 Qb5 9. Nd3 Bd6 10. Bxd6 cxd6 11. Nc3 Qd7 12. f4 O-O 13. Nf2 b5 14. h3 b4
15. Ncd1 Nc6 16. g4 e5 17. g5 Ne4 18. Nxe4 fxe4 19. dxe5 dxe5 20. Nf2 exf4 21.
O-O-O f3 22. Qd2 Rad8 23. Nxe4 Qf5 24. Nf2 Qf7 25. h4 d4 26. e4 Qxa2 27. Qd3
Ne5 28. Qb3+ Qxb3 29. cxb3 Rc8+ 30. Kd2 Rc7 31. Rc1 Rfc8 32. Rxc7 Rxc7 33. Ra1
Rc6 1/2-1/2

[Event "39. Offene Stadtmeisterschaft"]
[Site "Bergisch Gladbach"]
[Date "2017.10.06"]
[Round "6.13"]
[White "Hoferichter, Michael"]
[Black "Läufer, Jürgen"]
[Result "1/2-1/2"]
[WhiteElo "1307"]
[BlackElo "1578"]
[PlyCount "51"]
[EventDate "2017.??.??"]
[EventType "swiss"]
[EventRounds "7"]

1. e4 c5 2. Nf3 Nc6 3. d4 cxd4 4. Nxd4 e5 5. Nb5 Qa5+ 6. N1c3 Nf6 7. Bd2 Qd8 8.
Bg5 Be7 9. Bxf6 Bxf6 10. Nd5 O-O 11. Be2 a6 12. Nd6 Nd4 13. c3 Nxe2 14. Qxe2
Be7 15. Nf5 Bf6 16. O-O d6 17. Qf3 Bxf5 18. Qxf5 Be7 19. Rad1 b5 20. f4 g6 21.
Qh3 Bf6 22. Rd3 Ra7 23. Rdf3 exf4 24. Rxf4 Be5 25. Rg4 f6 26. Nf4 1/2-1/2

[Event "39. Offene Stadtmeisterschaft"]
[Site "Bergisch Gladbach"]
[Date "2017.10.06"]
[Round "6.14"]
[White "Johann, Hans Werner"]
[Black "Bernecker, Jan Magnus"]
[Result "1-0"]
[WhiteElo "1279"]
[BlackElo "1020"]
[PlyCount "55"]
[EventDate "2017.??.??"]
[EventType "swiss"]
[EventRounds "7"]

1. d4 d5 2. e3 a6 3. a4 Nf6 4. b3 e6 5. Nf3 Bd6 6. Be2 Nc6 7. c3 Bd7 8. Bb2 e5
9. dxe5 Nxe5 10. Nxe5 Bxe5 11. Nd2 Bc6 12. O-O b5 13. axb5 axb5 14. Qc2 O-O 15.
Nf3 Ng4 16. Nxe5 Nxe5 17. f4 Ng6 18. Rfd1 Re8 19. Rd3 Rxa1+ 20. Bxa1 Qa8 21.
Qb2 d4 22. cxd4 Bxg2 23. d5 f6 24. Kxg2 c6 25. dxc6 Qxc6+ 26. Kg1 Nh4 27. Bg4
f5 28. Qxg7# 1-0

[Event "39. Offene Stadtmeisterschaft"]
[Site "Bergisch Gladbach"]
[Date "2017.10.06"]
[Round "6.15"]
[White "Blüggel, Theodor"]
[Black "Wilde, Christian"]
[Result "1/2-1/2"]
[WhiteElo "942"]
[BlackElo "1273"]
[PlyCount "109"]
[EventDate "2017.??.??"]
[EventType "swiss"]
[EventRounds "7"]

1. d4 f5 2. c4 e6 3. Nc3 Nf6 4. f3 Be7 5. Bf4 c6 6. h3 Nh5 7. Qd2 Bh4+ 8. Kd1
Ng3 9. Bxg3 Bxg3 10. e4 f4 11. e5 d5 12. Bd3 dxc4 13. Bxc4 b5 14. Bb3 Qh4 15.
Ne4 O-O 16. Ne2 a5 17. a3 Na6 18. Kc2 a4 19. Ba2 Nc7 20. Rac1 Nd5 21. Bxd5 cxd5
22. Nd6 Bd7 23. Kb1 Ra7 24. Rc5 Bf2 25. Nxb5 Bxb5 26. Rxb5 Be3 27. Qc2 Qf2 28.
Nc3 Qg3 29. Rb4 Rc8 30. Qe2 Qg6+ 31. Ka2 Rc4 32. Rxc4 dxc4 33. d5 exd5 34. Nxd5
Qd3 35. Qxd3 cxd3 36. Nc3 d2 37. Kb1 Kf7 38. Kc2 Rc7 39. Kd3 Rd7+ 40. Ke4 Rd4+
41. Kf5 g6+ 42. Kg5 Kg7 43. h4 h6+ 44. Kg4 Kf7 45. g3 fxg3+ 46. Kxg3 Bf4+ 47.
Kg2 Bxe5 48. Rd1 Bf4 49. Ne2 Rc4 50. Nxf4 Rxf4 51. Rxd2 Rxh4 52. Rd3 Rc4 53. b3
axb3 54. Rxb3 Ra4 55. Kg3 1/2-1/2

[Event "39. Offene Stadtmeisterschaft"]
[Site "Bergisch Gladbach"]
[Date "2017.10.13"]
[Round "7.1"]
[White "Eilers, Jochen"]
[Black "Themm, Rainer"]
[Result "1/2-1/2"]
[WhiteElo "1999"]
[BlackElo "1833"]
[PlyCount "77"]
[EventDate "2017.??.??"]
[EventType "swiss"]
[EventRounds "7"]

1. c4 c5 2. Nc3 Nc6 3. g3 g6 4. Bg2 Bg7 5. e4 d6 6. Nge2 Be6 7. d3 Qd7 8. Be3
Bh3 9. O-O Bxg2 10. Kxg2 h5 11. h3 Nf6 12. Qd2 h4 13. Rh1 hxg3 14. Nxg3 O-O-O
15. Nd5 Rh7 16. Nxf6 Bxf6 17. Bg5 Rdh8 18. Bxf6 exf6 19. Qf4 Qe6 20. Qg4 Ne5
21. Qxe6+ fxe6 22. Rad1 g5 23. f3 Nc6 24. Ne2 Kc7 25. d4 cxd4 26. Nxd4 Nxd4 27.
Rxd4 b6 28. Kg3 Rh4 29. Rd2 R8h7 30. Rf2 Rf4 31. b4 Kc6 32. Rd2 Rfh4 33. Kg2
Kc7 34. a4 a6 35. Ra2 f5 36. exf5 exf5 37. Rc2 g4 38. fxg4 fxg4 39. Rc3 1/2-1/2

[Event "39. Offene Stadtmeisterschaft"]
[Site "Bergisch Gladbach"]
[Date "2017.10.13"]
[Round "7.2"]
[White "Heckötter, Christian"]
[Black "Rosenauer, Horst"]
[Result "1-0"]
[WhiteElo "1972"]
[BlackElo "1817"]
[PlyCount "71"]
[EventDate "2017.??.??"]
[EventType "swiss"]
[EventRounds "7"]

1. d4 Nf6 2. Bg5 e6 3. Nd2 c5 4. e3 Nc6 5. c3 d5 6. Ngf3 cxd4 7. exd4 Be7 8.
Bd3 O-O 9. O-O h6 10. Bh4 a6 11. Qe2 Re8 12. Ne5 Nxe5 13. dxe5 Nd7 14. Bxe7
Rxe7 15. Nf3 b6 16. Rfe1 Bb7 17. Rad1 Qc7 18. Bb1 Nf8 19. Rd4 b5 20. Rg4 Qc5
21. Qd2 Kh8 22. Nd4 Rc7 23. Re3 Qe7 24. Qd3 b4 25. Reg3 g6 26. Qe3 Kg7 27. Rh3
g5 28. f4 bxc3 29. bxc3 Rac8 30. Qd2 Qa3 31. Rgg3 Rc4 32. Nb3 a5 33. fxg5 h5
34. g6 h4 35. Qg5 Qb2 36. Qf6+ 1-0

[Event "39. Offene Stadtmeisterschaft"]
[Site "Bergisch Gladbach"]
[Date "2017.10.13"]
[Round "7.3"]
[White "Arlt, Klaus"]
[Black "Plitzner, Hans Joachim"]
[Result "0-1"]
[WhiteElo "1964"]
[BlackElo "1630"]
[PlyCount "84"]
[EventDate "2017.??.??"]
[EventType "swiss"]
[EventRounds "7"]

1. c4 c5 2. Nf3 Nf6 3. Nc3 Nc6 4. g3 g6 5. Bg2 Bg7 6. O-O O-O 7. d3 a6 8. Bd2
Rb8 9. a4 d5 10. cxd5 Nxd5 11. Ng5 Nxc3 12. bxc3 Qc7 13. Rb1 Bd7 14. Ne4 b6 15.
Qc1 e5 16. Bh6 f5 17. Bxg7 Kxg7 18. Nd2 Be6 19. Qb2 Rfe8 20. Rfc1 Bf7 21. Nf3
b5 22. axb5 axb5 23. Ra1 c4 24. Ng5 Bg8 25. Bxc6 Qxc6 26. Ra7+ Rb7 27. Rxb7+
Qxb7 28. dxc4 Bxc4 29. Rd1 Qe7 30. h4 Ra8 31. Rd2 h6 32. Nf3 e4 33. Nd4 e3 34.
Rc2 exf2+ 35. Kxf2 f4 36. Qc1 fxg3+ 37. Kxg3 Rf8 38. Nf3 Bxe2 39. Ng1 Qe5+ 40.
Kg2 Qe4+ 41. Kg3 Qg4+ 42. Kh2 Rf2+ 0-1

[Event "39. Offene Stadtmeisterschaft"]
[Site "Bergisch Gladbach"]
[Date "2017.10.13"]
[Round "7.5"]
[White "Behle, Burkhard"]
[Black "Lawrenz, Sebastian"]
[Result "1/2-1/2"]
[WhiteElo "1797"]
[BlackElo "1868"]
[PlyCount "90"]
[EventDate "2017.??.??"]
[EventType "swiss"]
[EventRounds "7"]

1. d4 Nf6 2. c4 e6 3. Nc3 b6 4. e4 d6 5. g3 Bb7 6. Bg2 Be7 7. Nge2 Nbd7 8. O-O
e5 9. f4 O-O 10. h3 a6 11. Rf2 Rb8 12. d5 c5 13. a4 exf4 14. Nxf4 Ne5 15. b3
Nfd7 16. Bb2 Bc8 17. Qe2 g6 18. Nd1 Rb7 19. Ne3 Bf6 20. Nd3 Bg7 21. Ng4 Qe7 22.
Ngxe5 Nxe5 23. Ra2 a5 24. Qd2 Nxd3 25. Qxd3 Bxb2 26. Raxb2 Qe5 27. Qf3 f6 28.
Qf4 Re7 29. Qxe5 Rxe5 30. Kh2 Kg7 31. g4 f5 32. exf5 gxf5 33. g5 Rfe8 34. Bf3
Kg6 35. h4 Re3 36. Kg2 h6 37. gxh6 Kxh6 38. Rfe2 Bd7 39. Rxe3 Rxe3 40. Re2
Rxe2+ 41. Bxe2 Be8 42. Kg3 Kg6 43. Kf4 Kf6 44. Bf3 Bg6 45. Be2 Bf7 1/2-1/2

[Event "39. Offene Stadtmeisterschaft"]
[Site "Bergisch Gladbach"]
[Date "2017.10.13"]
[Round "7.6"]
[White "Lobbes, Frank"]
[Black "Harringer, Manfred"]
[Result "0-1"]
[WhiteElo "1718"]
[BlackElo "1943"]
[PlyCount "76"]
[EventDate "2017.??.??"]
[EventType "swiss"]
[EventRounds "7"]

1. c4 Nf6 2. Nc3 e6 3. g3 d5 4. cxd5 exd5 5. d4 Be7 6. Bg2 O-O 7. Nf3 c6 8. O-O
Bf5 9. h3 h6 10. Kh2 Nbd7 11. Nd2 Re8 12. f3 Bg6 13. e4 dxe4 14. fxe4 Nb6 15.
e5 Nfd5 16. Nde4 Nc7 17. Be3 Ne6 18. Bf3 Nc4 19. Bg1 Ng5 20. Nxg5 Bxg5 21. Qe2
Nd2 22. Rfd1 Nxf3+ 23. Qxf3 Qb6 24. b3 Qa5 25. Rf1 Rad8 26. h4 Bd2 27. Ne2 Qd5
28. Qxd5 cxd5 29. Rad1 Bb4 30. Rc1 Rc8 31. Nf4 Be4 32. Be3 Ba3 33. Rxc8 Rxc8
34. g4 Rc3 35. Bg1 Be7 36. h5 Bh4 37. Ne2 Rc2 38. Kh3 Bg5 0-1

[Event "39. Offene Stadtmeisterschaft"]
[Site "Bergisch Gladbach"]
[Date "2017.10.13"]
[Round "7.7"]
[White "Shelukie, Magd"]
[Black "Schnellbacher, Jan Eric"]
[Result "1/2-1/2"]
[WhiteElo "1371"]
[BlackElo "1757"]
[PlyCount "36"]
[EventDate "2017.??.??"]
[EventType "swiss"]
[EventRounds "7"]

1. e4 c5 2. Nf3 e6 3. c3 Nc6 4. d4 cxd4 5. cxd4 d5 6. Bd3 dxe4 7. Bxe4 Nf6 8.
Bxc6+ bxc6 9. O-O Be7 10. Nc3 O-O 11. Qc2 Ba6 12. Re1 Nd5 13. a3 Rc8 14. Ne4
Nf6 15. Nc5 Bxc5 16. Qxc5 Qb6 17. b4 Nd5 18. Ne5 Rfd8 1/2-1/2

[Event "39. Offene Stadtmeisterschaft"]
[Site "Bergisch Gladbach"]
[Date "2017.10.13"]
[Round "7.8"]
[White "Henseler, Klaus"]
[Black "Radovinski, Jewgeni"]
[Result "1/2-1/2"]
[WhiteElo "1801"]
[BlackElo "1519"]
[PlyCount "36"]
[EventDate "2017.??.??"]
[EventType "swiss"]
[EventRounds "7"]

1. c4 e6 2. g3 d5 3. Bg2 Nf6 4. Nf3 Nc6 5. b3 d4 6. d3 Bb4+ 7. Nfd2 Bd7 8. Qc2
Qe7 9. a3 Bxd2+ 10. Nxd2 e5 11. b4 Nd8 12. Nb3 Bc6 13. f3 b6 14. a4 Qxb4+ 15.
Bd2 Qe7 16. a5 Ne6 17. O-O h5 18. h4 Rg8 1/2-1/2